000 00328 a2200157 4500
001 163783
020 _a978-85-329-0159-0
040 _cMagnum
100 _aViana, Vivina de Assis
240 1 0 _aEu sou isso
_lpor
245 1 0 _aEu sou isso
300 _a11
362 0 _a1985
697 _aLITERATURA INFANTIL
942 _cBK
999 _c163783
_d163783